000 00299nam a22001457a 4500
008 210310b ||||| |||| 00| 0 eng d
020 _a9781457656484
041 _aeng
080 _a37
082 _a37
100 _a46
101 _aEDU
245 _aEnglish 102 Reader
_cSIU
942 _2udc
_cBK
999 _c56151
_d56151